Prints and their makers ; essays on engravers and etchers old and modern /

Bibliographic Details
Main Author: Carrington, Fitz Roy, 1869-1954
Format: Book
Language:English
Published: New York : The Century co., 1912.
Subjects:

MARC

Tag First Indicator Second Indicator Subfields
LEADER 00000cam a2200000 4500
001 in00000035635
005 20151007062053.0
008 760616s1912 nyucfh 00010 eng d
010 |a  12024292  
035 |a (OCoLC)02231827 
035 |9 AAD3886AM 
040 |a KSU  |c KSU  |d OCL  |d TXA  |d UtOrBLW 
049 |a TXAM  |c [10116] 
050 0 |a NE860  |b .C3 
092 |a 760  |b C318p 
100 1 |a Carrington, Fitz Roy,  |d 1869-1954. 
245 1 0 |a Prints and their makers ;  |b essays on engravers and etchers old and modern /  |c ed. by Fitz Roy Carrington, with 200 illustrations. 
264 1 |a New York :  |b The Century co.,  |c 1912. 
300 |a xiv pages, 1 ., 268 pages :  |b frontispiece, plates, portraits, facsimiles ;  |c 24 cm. 
336 |a text  |b txt  |2 rdacontent 
337 |a unmediated  |b n  |2 rdamedia 
338 |a volume  |b nc  |2 rdacarrier 
500 |a Plates printed on both sides. 
505 0 |a Durer's woodcuts, by C. Dodgson.--Some early Italian engravers before the time of Marcantonio, by A. M. Hind.--A prince of print-collectors: Michel de Marolles, abbe de Villeloin, by L. R. Metcalfe.--Jean Morin, by L. R. Metcalfe.--Robert Nanteuil, by L. R. Metcalfe.--Rembrandt's landscape etchings, by L. Binyon.--Giovanni Battista Piranesi, by B. B. Moore.--Francisco Goya y Lucientes, by C. H. Caffin.--A note on Goya, by W. M. Ivins, jr. 
505 0 |a The etchings of Fortuny, by R. Cortissoz.--Personal characteristics of Sir Seymour Haden, P.R.E., by F. Keppel.--The water-colors and drawings of Sir Seymour Haden, P.R.E., by H. N. Harrington.--Meryon and Baudelaire, by W. A. Bradley.--Felix Bracquemond: an etcher of birds, by F. Weitenkampf.--August Lepere, by Elisabeth L. Cary.--Herman A. Webster, by M. Hardie.--Anders Zorn, painter-etcher, by J. N. Laurvik. 
650 0 |a Engravers. 
650 0 |a Etchers. 
650 0 |a Engraving. 
650 0 |a Etching. 
999 |a MARS 
999 f f |s b374cc7a-3906-3477-a74f-3bad180b83fc  |i b5cb4095-3129-3568-80ed-1b2f0b1f87bc  |t 0 
952 f f |p normal  |a Texas A&M University  |b College Station  |c Sterling C. Evans Library  |d Evans: Library Stacks  |t 0  |e NE860 .C3  |h Library of Congress classification  |i unmediated -- volume  |m A14801159320 
998 f f |a NE860 .C3  |t 0  |l Evans: Library Stacks